El lobo de mar / (Registro nro. 10889)

Detalles MARC
000 -LEADER
fixed length control field 01059nam a22003495b 4500
001 - CONTROL NUMBER
control field 0003512
003 - CONTROL NUMBER IDENTIFIER
control field DO-SdBNP
005 - DATE AND TIME OF LATEST TRANSACTION
control field 20180130093951.0
007 - PHYSICAL DESCRIPTION FIXED FIELD--GENERAL INFORMATION
fixed length control field 0003512
008 - FIXED-LENGTH DATA ELEMENTS--GENERAL INFORMATION
fixed length control field 930924s1993 sp | |||| ||spa
016 7# - NATIONAL BIBLIOGRAPHIC AGENCY CONTROL NUMBER
Record control number
Source BPMSU
017 ## - COPYRIGHT OR LEGAL DEPOSIT NUMBER
Copyright or legal deposit number
Assigning agency
020 ## - INTERNATIONAL STANDARD BOOK NUMBER
International Standard Book Number 8420749192
035 ## - SYSTEM CONTROL NUMBER
System control number
040 ## - CATALOGING SOURCE
Original cataloging agency BPMSU
Language of cataloging spa
Transcribing agency BPMSU
Description conventions
041 1# - LANGUAGE CODE
Language code of text/sound track or separate title spa
Language code of original
080 #0 - UNIVERSAL DECIMAL CLASSIFICATION NUMBER
Universal Decimal Classification number
082 ## - DEWEY DECIMAL CLASSIFICATION NUMBER
Classification number I813.5
Item number L847l
100 1# - MAIN ENTRY--PERSONAL NAME
Personal name London, Jack,
Dates associated with a name 1876-1916.
240 14 - UNIFORM TITLE
Uniform title <a href="The sea wolf">The sea wolf</a>
Language of a work Español
245 13 - TITLE STATEMENT
Title El lobo de mar /
Statement of responsibility, etc. Jack London ; traducción y notas, Juan Fernando Merino ; introducción y apéndice, Juan Tébar ; ilustración, José Luis García Morán.
Medium
250 ## - EDITION STATEMENT
Edition statement
260 ## - PUBLICATION, DISTRIBUTION, ETC. (IMPRINT)
Place of publication, distribution, etc. Madrid :
Name of publisher, distributor, etc. Grupo Anaya,
Date of publication, distribution, etc. 1993
300 ## - PHYSICAL DESCRIPTION
Extent 366 p.
Other physical details il.
Dimensions 20 cm
490 1# - SERIES STATEMENT
Series statement Tus libros
-- Marineros ;
Volume/sequential designation 126
700 12 - ADDED ENTRY--PERSONAL NAME
Personal name Merino, Juan Fernando,
Relator term tr.
700 12 - ADDED ENTRY--PERSONAL NAME
Personal name García Morán, José Luis,
Relator code il.
830 #0 - SERIES ADDED ENTRY--UNIFORM TITLE
Uniform title Tus libros
Name of part/section of a work Marineros ;
Volume number/sequential designation 126
942 ## - ADDED ENTRY ELEMENTS (KOHA)
Source of classification or shelving scheme Dewey Decimal Classification
Koha item type Libros
945 ## - LOCAL PROCESSING INFORMATION (OCLC)
a Inventariado, 2018 /LP
956 ## - LOCAL ELECTRONIC LOCATION AND ACCESS (OCLC)
Host name VMATEO
Access number 10
Compression information 20160715
Path BPMSU
Electronic name 00069
Existencias
Withdrawn status Lost status Source of classification or shelving scheme Damaged status Not for loan Collection code Home library Current library Date acquired Source of acquisition Total Checkouts Full call number Barcode Date last seen Price effective from Koha item type
    Dewey Decimal Classification     Colección General Biblioteca Pública Metropolitana Salomé Ureña Biblioteca Pública Metropolitana Salomé Ureña 07/15/2016 FUNDI   I813.5 L847l BPMSU16070480 07/15/2016 07/15/2016 Libros